Statistics for Bundesliga 2018/19 Teams

Click here to take the quiz!

General Stats

  • This quiz has been taken 141 times
  • The average score is 13 of 18

Answer Stats

Team % Correct
Bayern München
99%
Borussia Dortmund
97%
Schalke 04
86%
VfL Wolfsburg (O)
86%
Bayer Leverkusen
83%
Hertha BSC
82%
RB Leipzig
82%
Eintracht Frankfurt
80%
Borussia Mönchengladbach
77%
Werder Bremen
76%
Hannover 96
71%
VfB Stuttgart
68%
Fortuna Düsseldorf
68%
Mainz 05
63%
1899 Hoffenheim
63%
1. FC Nürnberg
59%
FC Augsburg
53%
SC Freiburg
48%

Score Distribution

Percentile by Number Answered

Percent of People with Each Score

Your Score History

You have not taken this quiz